000 005900000a22001810004500
090 _aAR
_b01879
245 1 0 _aEnergetic and water flux of free-Ranging big brown bats (<Eptesicus fuscus>) during pregnancy and lactation
650 1 4 _aFisiología animal
_99500
650 1 4 _aReproducción animal
_987770
650 1 4 _aBiología
_992
653 _gEptesicus
_eEptesicus fuscus
041 0 _aInglés
700 1 _aNagy, Kenneth A.
_994398
700 1 _aKunz, Thomas H.
_994801
100 1 _aKurta, Allen
_994823
942 _cARTICULO
773 1 _tJournal of Mammalogy
_3106
_h1
_q59-65
_d1990
_g71
999 _c10956
_d10956